Viaje a Samoa

Saved in:
Bibliographic Details
Main Author: Schwob, Marcel (Author)
Format: Book
Language:Spanish
Published: Barcelona José J. de Olañeta 1982
Edition:1a. ed
Series:Pequeña Biblioteca Calamus Scriptorius, 59. Serie Viajeros y Filósofos, 6
Subjects:
Tags: Add Tag
No Tags, Be the first to tag this record!

MARC

LEADER 00000cam a2200000 a 4500
001 UCD7557
003 CL-VaPUC
008 170331e19820000sp |||||||||||||||||spa|d
020 |a 8485354894 
082 0 4 |a 844  |b SCH  |2 21 
100 0 |a Schwob, Marcel  |e author  |9 591562 
245 1 0 |a Viaje a Samoa 
250 |a 1a. ed 
300 |a 100 p 
942 |c BK 
945 |d 20170331 00:58:00  |a dcastane 
260 |a Barcelona  |b José J. de Olañeta  |c 1982 
650 0 |a Ensayos franceses  |9 265511 
650 0 |a Crónicas de viajes  |9 350185 
583 |a last modification  |c 20170518 01:02:55  |k Rodrigo Vera 
490 0 |a Pequeña Biblioteca Calamus Scriptorius, 59. Serie Viajeros y Filósofos, 6 
999 |c 367539  |d 367537 
952 |0 0  |1 0  |3 erb  |4 0  |6 844_000000000000000_SCH_1982  |7 0  |8 A  |9 482485  |a BIBART  |b BIBART  |i 5239524  |o 844 SCH 1982  |p 5239524  |r 2025-03-13  |w 2019-11-24  |y BK  |z Catalogado en:20170331  |k ART